Managing Change and Innovation in Public Service Organizations /

Sparad:
Bibliografiska uppgifter
Huvudupphov: Osborne, Stephen P. (autor)
Övriga upphov: Brown, Kerry (autor) (autor)
Materialtyp: Bok
Språk:engelska
Utgiven: Londres, Inglaterra : Routledge, 2005, c2005
Boulder, EUA : NetLibrary [distribución], 2005
Serie:(Routledge Masters in Public Management ; 1)
Ämnen:
Länkar:Ver documento en línea
Taggar: Lägg till en tagg
Inga taggar, Lägg till första taggen!

MARC

LEADER 00000nam^a2200000^a^4500
001 000191904
005 20251023000000.0
009 20260310102543.075
020 |a 0-203-39112-8 
020 |a 0-203-68544-X 
037 |a Acervo ITESO - Biblioteca 
041 |a ING 
082 |a 658. 4063  |b OSB 
100 |a Osborne, Stephen P.  |e (autor) 
245 1 0 |a Managing Change and Innovation in Public Service Organizations /  |c S.P. Osborne, K. Brown. 
264 4 |a Londres, Inglaterra :  |b Routledge,  |c 2005, c2005 
264 4 |a Boulder, EUA :  |b NetLibrary [distribución],  |c 2005 
300 |a 1 libro electrónico en línea (X, 262 p.) 
336 |a datos para computadora  |b cod  |2 rdacontenido 
337 |a computadora  |b c  |2 rdamedio 
338 |a recurso en línea  |b cr  |2 rdasoporte 
440 1 |a (Routledge Masters in Public Management ;  |v 1) 
506 1 |a 1 licencia 
649 |a XX 
650 |a Cambio Organizacional -  |x Tema Principal 
650 |a Innovación Administrativa -  |x Tema Principal 
650 |a Proceso Administrativo -  |x Dirección 
650 |a Administración Pública -  |x Tema Principal 
650 |a Administración 
650 |a Ciencias Administrativas 
700 |a Brown, Kerry  |e (autor) 
856 4 0 |u https://ezproxy.iteso.mx/login?url=https://search.ebscohost.com/login.aspx?direct=true&scope=site&db=nlebk&db=nlabk&AN=116188  |y Ver documento en línea 
910 |a Fondo General 
920 |a Electrónicos - Libros en Línea 
930 |a Plataforma Digital 
905 |a 205 
901 |a 191904  |b IT2  |c EBO  |i C146  |u 20250521 
902 |a https://opac.biblio.iteso.mx/vufind/Record/000191904